[Event "21st ch-EUR Indiv w 2021"]
[Site "Iasi ROU"]
[Date "2021.08.20"]
[Round "11.29"]
[White "Pavlidou, Ekaterini"]
[Black "Sedina, Elena"]
[Result "1/2-1/2"]
[WhiteTitle "WIM"]
[BlackTitle "IM"]
[WhiteElo "2136"]
[BlackElo "2279"]
[WhiteFideId "4213262"]
[BlackFideId "812153"]
[EventDate "2021.08.09"]

1. d4 d5 2. c4 c6 3. Nf3 Nf6 4. Nbd2 Bf5 5. Nh4 Be6 6. e3 g6 7. b3 Bg7 8. Bb2
O-O 9. Be2 Ne4 10. Nhf3 Qa5 11. Qc2 Bf5 12. Bd3 c5 13. cxd5 cxd4 14. Bxe4 Bxe4
15. Qxe4 dxe3 16. fxe3 Bxb2 17. Rd1 Bf6 18. O-O Nd7 19. d6 exd6 20. Nc4 Qc7 21.
Nxd6 Nc5 22. Qf4 Qe7 23. e4 Rad8 24. e5 Bg7 25. Rfe1 b6 26. b4 Ne6 27. Qe3 Rd7
28. Rd3 Rfd8 29. Red1 Nf8 30. Rd5 Ne6 31. Qd2 Qf8 32. a3 Nc7 33. Rd3 Ne8 34. Qf4
Nc7 35. h3 Ne6 36. Qd2 Bh6 37. Qa2 Bg7 38. Qd2 Bh6 39. Qa2 Bg7 40. Qd2 1/2-1/2

[Event "21st ch-EUR Indiv w 2021"]
[Site "Iasi ROU"]
[Date "2021.08.20"]
[Round "11.30"]
[White "Mamedjarova, Zeinab"]
[Black "Makropoulou, Marina"]
[Result "1/2-1/2"]
[WhiteTitle "WGM"]
[BlackTitle "WGM"]
[WhiteElo "2272"]
[BlackElo "2186"]
[WhiteFideId "13401521"]
[BlackFideId "4200187"]
[EventDate "2021.08.09"]

1. Nf3 d5 2. g3 Nd7 3. Bg2 e5 4. d3 Ngf6 5. O-O Bd6 6. Nbd2 O-O 7. e4 c6 8. b3
Re8 9. Bb2 Qc7 10. Re1 a5 11. a4 dxe4 12. dxe4 Bb4 13. Qe2 b6 14. Red1 Ba6 15.
Nc4 b5 16. axb5 Bxb5 17. Ba3 Nb6 18. Bxb4 axb4 19. Nfd2 Rad8 20. Bf1 Rd4 21. Qe1
Bxc4 22. Nxc4 Nxc4 23. Rxd4 exd4 24. Bxc4 c5 25. f3 h6 26. Ra6 Nd7 27. Qa1 Ne5
28. Ra7 Qd6 29. Be2 d3 30. cxd3 Nxd3 31. Ra8 Rxa8 32. Qxa8+ Kh7 33. Qd5 Qxd5 34.
exd5 Nc1 35. Bc4 Kg8 36. d6 Kf8 37. Kf2 Ke8 38. Ke3 Kd7 39. Bxf7 Kxd6 40. f4 Na2
41. g4 Nc3 42. Bc4 Nd1+ 43. Kf3 Nc3 44. h4 Nd5 45. Ke4 Nb6 46. Bg8 Nc8 47. h5
Ne7 48. Bc4 Nc6 49. g5 Ne7 50. Bf7 Nc6 51. Bc4 Ne7 52. gxh6 gxh6 53. f5 Nc8 54.
f6 Nb6 55. Bg8 Kd7 56. Ke5 Ke8 57. Kd6 c4 58. bxc4 b3 59. c5 b2 60. Bh7 Nc4+ 61.
Ke6 Na5 62. Bg6+ Kf8 63. Be4 Nb3 64. c6 Nd4+ 65. Ke5 Nxc6+ 66. Kf5 Nb4 67. Kg6
Nd5 68. Bc2 Nxf6 69. Kxf6 b1=Q 70. Bxb1 Kg8 71. Kg6 Kh8 72. Kxh6 Kg8 1/2-1/2

[Event "21st ch-EUR Indiv w 2021"]
[Site "Iasi ROU"]
[Date "2021.08.20"]
[Round "11.31"]
[White "Abdulla, Khayala"]
[Black "Tarasenka, Aliaksandra"]
[Result "1/2-1/2"]
[WhiteTitle "WGM"]
[BlackTitle "WFM"]
[WhiteElo "2264"]
[BlackElo "2061"]
[WhiteFideId "13401807"]
[BlackFideId "13514288"]
[EventDate "2021.08.09"]

1. e4 c5 2. c3 e6 3. d4 d5 4. exd5 exd5 5. Nf3 Nf6 6. Bb5+ Nc6 7. O-O Be7 8.
dxc5 O-O 9. Be3 Ne4 10. b4 Bg4 11. Be2 Bf6 12. Nd4 Bxe2 13. Qxe2 Nxc3 14. Nxc3
Nxd4 15. Bxd4 Bxd4 16. Qd3 Qf6 17. Nxd5 Bxf2+ 18. Kh1 Qd4 19. Qf5 Bh4 20. Rad1
Qb2 21. Rf4 Bd8 22. Rf2 Qa3 23. Qd7 Bh4 24. Rf3 Qxa2 25. Rdf1 Qc4 26. Ne3 Qe6
27. Qxb7 Rab8 28. Qd5 Bf6 29. Qh5 g6 30. Qh6 Bg7 31. Qh4 h5 32. Qf4 Qb3 33. Qc7
Rxb4 34. Qxa7 Rb7 35. Qa6 Qb5 36. Qa3 Rc8 37. Qa2 Qb3 38. Qf2 Rxc5 39. Ng4 Qc2
40. Qxc2 Rxc2 41. Ne3 Rc3 42. Nd1 Rxf3 43. Rxf3 Rd7 44. Rf1 Rd2 45. Nf2 f5 46.
Nh3 Ra2 47. Nf4 Kf7 48. Rb1 Ra1 49. Rxa1 Bxa1 50. g3 Be5 51. Nd3 Ke6 52. Kg2 g5
53. h3 Kd5 54. g4 fxg4 55. hxg4 h4 56. Nf2 Bf4 57. Nh3 Ke4 58. Nxg5+ 1/2-1/2

[Event "21st ch-EUR Indiv w 2021"]
[Site "Iasi ROU"]
[Date "2021.08.20"]
[Round "11.32"]
[White "Gvanceladze, Anna"]
[Black "Havanecz, Bianka"]
[Result "1/2-1/2"]
[WhiteTitle "WFM"]
[BlackTitle "WIM"]
[WhiteElo "2182"]
[BlackElo "2257"]
[WhiteFideId "4113721"]
[BlackFideId "704814"]
[EventDate "2021.08.09"]

1. d4 d5 2. Nf3 Nf6 3. c4 e6 4. Nc3 Be7 5. Bg5 O-O 6. e3 a6 7. cxd5 exd5 8. Bd3
Nbd7 9. O-O Re8 10. Qc2 c6 11. Rae1 Nf8 12. Ne5 Ng4 13. Bxe7 Rxe7 14. f4 f6 15.
Nxg4 Bxg4 16. h3 Bh5 17. g4 Bg6 18. f5 Bf7 19. h4 Qd6 20. Qg2 Rae8 21. Nd1 c5
22. dxc5 Qxc5 23. Kh1 Nd7 24. g5 Bh5 25. Be2 Re4 26. Rf4 Rxf4 27. exf4 d4 28.
gxf6 Nxf6 29. Rg1 Re7 30. Bxh5 Nxh5 31. Qg5 Qc6+ 32. Rg2 Re2 33. Kh2 Rxg2+ 34.
Qxg2 Qd6 35. Qe4 Qxf4+ 36. Qxf4 Nxf4 37. Kg3 Nd5 38. Kf3 Kf7 39. Ke4 Ne7 40. Nf2
Nc6 41. Nd3 a5 42. a4 g6 43. Nc5 b6 44. fxg6+ Kxg6 45. Nd7 Kh5 46. Nf6+ Kg6 47.
Nd5 Kh5 48. Nf6+ Kg6 49. Nd5 Kh5 50. Nf6+ 1/2-1/2

[Event "21st ch-EUR Indiv w 2021"]
[Site "Iasi ROU"]
[Date "2021.08.20"]
[Round "11.33"]
[White "Narva, Triin"]
[Black "Eric, Jovana"]
[Result "0-1"]
[WhiteTitle "WFM"]
[BlackTitle "WGM"]
[WhiteElo "2100"]
[BlackElo "2254"]
[WhiteFideId "4502680"]
[BlackFideId "938238"]
[EventDate "2021.08.09"]

1. e4 c5 2. c3 e6 3. d4 d5 4. exd5 exd5 5. Bb5+ Nc6 6. Nf3 Bd6 7. O-O Ne7 8.
dxc5 Bxc5 9. Nbd2 Bg4 10. h3 Bh5 11. Nb3 Bd6 12. Nbd4 O-O 13. Be2 h6 14. Be3 a6
15. Qd2 Qc7 16. Kh1 Bg6 17. Nh4 Be4 18. f3 Bh7 19. f4 Rfe8 20. f5 Nxd4 21. Bxd4
Bg3 22. Bxg7 Bxh4 23. Qxh6 f6 24. Bxf6 Bxf6 25. Qxf6 Rf8 26. Qg5+ Kh8 27. Bg4
Nc6 28. Rae1 Qg7 29. Qd2 Rad8 30. Re6 d4 31. f6 Qf7 32. c4 d3 33. c5 Rd4 34. Bf5
Rh4 35. Qg5 Rh5 36. Qg4 Bxf5 37. Rxf5 Rxf5 38. Qxf5 Nd4 39. Qf4 Nxe6 40. Qh4+
Qh7 0-1

[Event "21st ch-EUR Indiv w 2021"]
[Site "Iasi ROU"]
[Date "2021.08.20"]
[Round "11.34"]
[White "Ilyuchyk, Yana"]
[Black "Navrotescu, Andreea"]
[Result "1-0"]
[WhiteTitle "WFM"]
[BlackTitle "WIM"]
[WhiteElo "2097"]
[BlackElo "2249"]
[WhiteFideId "13508407"]
[BlackFideId "675946"]
[EventDate "2021.08.09"]

1. e4 e6 2. d4 d5 3. Nc3 Bb4 4. e5 c5 5. a3 Bxc3+ 6. bxc3 Ne7 7. Nf3 Qa5 8. Bd2
Qa4 9. Qb1 c4 10. h4 Nbc6 11. h5 h6 12. g3 Bd7 13. Bh3 O-O-O 14. O-O Rdf8 15.
Nh2 f5 16. exf6 gxf6 17. Re1 Nf5 18. Nf3 Nd6 19. Nh4 Re8 20. Ng6 Rh7 21. Bg2 Qa5
22. Qd1 e5 23. dxe5 fxe5 24. Qf3 Ne4 25. Rxe4 dxe4 26. Qxe4 Kc7 27. Rb1 Qa6 28.
Nf8 Rf7 29. Nxd7 Rxd7 30. Bxh6 Rh8 31. Qe3 Rd6 32. Bg7 Rxh5 33. Qf3 Rg5 34. Bf6
e4 35. Qf4 Rg6 36. Bh8 Rh6 37. Bg7 Rh7 38. Bf8 Re7 39. Bxe4 Kd7 40. Bxe7 Kxe7
41. Bf5 Nd8 42. Re1+ Ne6 43. Qe5 1-0

[Event "21st ch-EUR Indiv w 2021"]
[Site "Iasi ROU"]
[Date "2021.08.20"]
[Round "11.35"]
[White "Verbin, Valentina"]
[Black "Ciolacu, Alessia-Mihaela"]
[Result "1/2-1/2"]
[BlackTitle "WFM"]
[WhiteElo "2012"]
[BlackElo "2241"]
[WhiteFideId "13905910"]
[BlackFideId "1252640"]
[EventDate "2021.08.09"]

1. e4 e5 2. Nf3 Nc6 3. Bc4 Bc5 4. d3 Nf6 5. O-O h6 6. c3 d6 7. Re1 O-O 8. h3 a6
9. b4 Ba7 10. a4 Be6 11. Nbd2 Nh5 12. Nf1 Qf6 13. N1h2 Qg6 14. Kf1 Bxc4 15. dxc4
Nf4 16. Bxf4 exf4 17. Qd2 Qf6 18. Ng4 Qe6 19. Qd5 Ne7 20. Qxe6 fxe6 21. e5 d5
22. c5 b6 23. Nd4 Kf7 24. cxb6 cxb6 25. b5 a5 26. Ke2 Rac8 27. Kd2 Bb8 28. h4
Rc4 29. h5 Rfc8 30. Ra3 Nf5 31. Nc6 Nh4 32. f3 Nxg2 33. Rh1 Bc7 34. Rh2 Ne3 35.
Nxe3 fxe3+ 36. Kxe3 Bd8 37. f4 Be7 38. Raa2 Rxc3+ 39. Kd4 Rf3 40. Rhc2 Bc5+ 41.
Rxc5 Rxf4+ 42. Ke3 Re4+ 43. Kd3 bxc5 44. Rf2+ Ke8 45. Rg2 Kf7 46. Rf2+ Ke8 47.
Rg2 Rc7 48. Rg6 Rf7 49. Rxe6+ Kf8 50. Rd6 c4+ 51. Kd2 Rf2+ 52. Kc3 Rf3+ 53. Kc2
Re2+ 54. Kd1 Ra2 55. Rd8+ Kf7 56. e6+ Kxe6 57. Nd4+ Ke7 58. Nc6+ Kf7 59. Ne5+
Ke7 60. Nc6+ Ke6 61. Nd4+ Ke7 62. Nc6+ Ke6 63. Nd4+ 1/2-1/2

[Event "21st ch-EUR Indiv w 2021"]
[Site "Iasi ROU"]
[Date "2021.08.20"]
[Round "11.36"]
[White "Koubova, Anna Marie"]
[Black "Gevorgyan, Maria"]
[Result "1-0"]
[BlackTitle "WGM"]
[WhiteElo "2073"]
[BlackElo "2232"]
[WhiteFideId "381470"]
[BlackFideId "13300270"]
[EventDate "2021.08.09"]

1. d4 Nf6 2. c4 c5 3. Nf3 cxd4 4. Nxd4 g6 5. Nc3 Nc6 6. e4 Nxd4 7. Qxd4 d6 8.
Be3 Bg7 9. f3 O-O 10. Qd2 a5 11. b3 Be6 12. Rc1 Nd7 13. Be2 Qc7 14. O-O Rfc8 15.
Nd5 Qd8 16. Bg5 Bxd5 17. exd5 Nc5 18. Kh1 Qf8 19. Rfe1 h6 20. Bh4 g5 21. Bf2 Be5
22. Bd4 Qg7 23. Bxe5 Qxe5 24. Bd3 Qf6 25. Bb1 Nd7 26. f4 gxf4 27. Rf1 Qg5 28.
Rxf4 Nf6 29. Rcf1 Nh5 30. h4 Ng3+ 31. Kg1 Nxf1 32. Qf2 Qg7 33. Bf5 Qa1 34. Bxc8
Ne3+ 35. Kh2 Qe5 36. Bh3 Kh8 37. Kh1 Rg8 38. Rxf7 Nd1 39. Qd2 Ne3 40. Qf2 Nd1
41. Qf4 Qxf4 42. Rxf4 Nc3 43. Be6 Re8 44. a3 Ne2 45. Rf7 Nd4 46. Bd7 Rd8 47.
Rxe7 Nxb3 48. Bb5 Nc5 49. Be8 Kg8 50. Bg6 Rf8 51. h5 Rf4 52. Re8+ Kg7 53. Rd8
Rxc4 54. Rxd6 Rc3 55. Rb6 Rxa3 56. Rb5 Rc3 57. Rxa5 Kf6 58. Rb5 Ke5 59. Bf7 Kf4
60. Kh2 Ne4 61. Rxb7 Nf6 62. g3+ Kf3 63. d6 Rd3 64. Rb3 Ng4+ 65. Kh3 Rxb3 66.
Bxb3 Ne5 67. Bd5+ Ke3 68. Be6 Ke4 69. g4 Kf4 70. d7 Nc6 71. Bd5 Nd8 72. Kh4 Ke5
73. Bb3 Kf4 74. Kh3 Nc6 75. Bd5 Nd8 76. Bg8 Nc6 77. Bh7 Nd8 78. Bf5 Nf7 79. Kg2
Nd8 80. Kf2 Nc6 81. Ke2 Nd8 82. Kd3 Ke5 83. Ke3 Nc6 84. Be4 Nd8 85. Kf3 Nf7 86.
Bg6 Nd8 87. g5 hxg5 88. h6 Kf6 89. h7 Kg7 90. Kg4 Nb7 91. Kxg5 Nd8 92. h8=Q+
Kxh8 93. Kf6 Kg8 94. Ke7 Nc6+ 95. Ke8 Ne5 96. d8=Q Nxg6 97. Qf6 Kh7 98. Kf7 Nh8+
99. Ke6 Ng6 100. Kf5 Nh8 101. Qf8 Ng6 102. Qf7+ Kh8 103. Qf6+ 1-0

[Event "21st ch-EUR Indiv w 2021"]
[Site "Iasi ROU"]
[Date "2021.08.20"]
[Round "11.37"]
[White "Froewis, Annika"]
[Black "Belenkaya, Dina"]
[Result "0-1"]
[WhiteTitle "WFM"]
[BlackTitle "WGM"]
[WhiteElo "2107"]
[BlackElo "2350"]
[WhiteFideId "1621432"]
[BlackFideId "24142654"]
[EventDate "2021.08.09"]

1. e4 c6 2. Nc3 d5 3. Nf3 a6 4. d4 Bg4 5. Be2 e6 6. Qd3 Nf6 7. Bg5 Be7 8. Bxf6
Bxf6 9. O-O-O Nd7 10. h3 Bh5 11. g4 Bg6 12. Qe3 Be7 13. Bd3 Nf6 14. Ne5 dxe4 15.
Bxe4 Nd5 16. Bxd5 cxd5 17. f4 Rc8 18. h4 b5 19. Nxg6 hxg6 20. h5 gxh5 21. Rxh5
Rxh5 22. gxh5 Qc7 23. Rd2 Qc4 24. Rf2 b4 25. Nb1 Bf6 26. Rd2 Qxa2 27. f5 Rc6 28.
b3 Qa1 29. h6 gxh6 30. Qxh6 Bxd4 31. Rxd4 Qxd4 32. f6 Qg1+ 33. Kb2 Qg6 34. Qh2
Qxf6+ 35. Ka2 e5 0-1

[Event "21st ch-EUR Indiv w 2021"]
[Site "Iasi ROU"]
[Date "2021.08.20"]
[Round "11.38"]
[White "Calzetta Ruiz, Monica"]
[Black "Dornbusch, Tatiana"]
[Result "1/2-1/2"]
[WhiteTitle "WGM"]
[BlackTitle "WGM"]
[WhiteElo "2306"]
[BlackElo "2249"]
[WhiteFideId "2204185"]
[BlackFideId "14107449"]
[EventDate "2021.08.09"]

1. e4 e5 2. Nf3 Nc6 3. Bb5 a6 4. Ba4 Nf6 5. O-O Be7 6. Re1 b5 7. Bb3 O-O 8. d4
d6 9. c3 Bg4 10. d5 Na5 11. Bc2 c6 12. h3 Bxf3 13. Qxf3 cxd5 14. exd5 Nc4 15.
Nd2 Nb6 16. Nf1 Nbxd5 17. Ng3 Re8 18. Nf5 g6 19. Nh6+ Kg7 20. Bb3 e4 21. Rxe4
Rf8 22. Re2 Nb6 23. Qe3 Nc8 24. Qd4 Rb8 25. Bg5 Qb6 26. Qh4 Ng8 27. Nxf7 Rxf7
28. Bxf7 Bxg5 29. Qxg5 Kxf7 30. Rae1 Rb7 31. Qg4 1/2-1/2

[Event "21st ch-EUR Indiv w 2021"]
[Site "Iasi ROU"]
[Date "2021.08.20"]
[Round "11.39"]
[White "Petrova, Irina"]
[Black "Lehaci, Miruna-Daria"]
[Result "1/2-1/2"]
[WhiteTitle "WIM"]
[BlackTitle "WFM"]
[WhiteElo "2110"]
[BlackElo "2267"]
[WhiteFideId "14124122"]
[BlackFideId "1234765"]
[EventDate "2021.08.09"]

1. e4 e6 2. d4 d5 3. Nc3 Bb4 4. e5 Ne7 5. a3 Bxc3+ 6. bxc3 b6 7. Nf3 Ba6 8. Bxa6
Nxa6 9. Qd3 Nb8 10. O-O c5 11. dxc5 bxc5 12. c4 d4 13. c3 Nbc6 14. Bg5 O-O 15.
cxd4 cxd4 16. Qe4 Rc8 17. Rfd1 Rc7 18. Bxe7 Qxe7 19. Nxd4 Na5 20. Rac1 a6 21.
Rc3 Rfc8 22. h3 h6 23. Rdc1 Nxc4 24. Nf3 Nxa3 25. Rxc7 Rxc7 26. Rxc7 Qxc7 27.
Qa8+ Kh7 28. Qxa6 Qc1+ 29. Kh2 Qf4+ 30. Kg1 Nc4 31. Qb5 Qc1+ 32. Kh2 Qf4+ 33.
Kg1 Qc1+ 34. Kh2 Qf4+ 35. Kg1 1/2-1/2

[Event "21st ch-EUR Indiv w 2021"]
[Site "Iasi ROU"]
[Date "2021.08.20"]
[Round "11.40"]
[White "Sieber, Fiona"]
[Black "Mikheeva, Galina"]
[Result "1-0"]
[WhiteTitle "WIM"]
[BlackTitle "WFM"]
[WhiteElo "2254"]
[BlackElo "1968"]
[WhiteFideId "12902373"]
[BlackFideId "44108320"]
[EventDate "2021.08.09"]

1. e4 e5 2. Nf3 Nc6 3. Bb5 Nd4 4. Nxd4 exd4 5. O-O Bc5 6. Bc4 d6 7. d3 Ne7 8. f4
O-O 9. Nd2 c6 10. Bb3 d5 11. Qh5 f6 12. f5 Bd7 13. Nf3 Kh8 14. Kh1 Be8 15. Qh3
a5 16. a4 Bf7 17. e5 fxe5 18. Bg5 Qd6 19. Rae1 e4 20. dxe4 dxe4 21. Bxe7 Qxe7
22. Rxe4 Qf6 23. Bxf7 Rxf7 24. Ne5 Rc7 25. Rh4 g5 26. Ng4 Qe7 27. Rh6 Rf8 28.
Qd3 Qe8 29. f6 Rcf7 30. Rh5 Qe6 31. Rxg5 Be7 32. Rgf5 Bxf6 33. Nxf6 Rxf6 34.
Qxd4 Kg7 35. Kg1 Rf7 36. Rg5+ Kf8 37. Qd8+ Qe8 38. Rg8+ Kxg8 39. Qxe8+ Rf8 40.
Qxf8+ Rxf8 41. Rxf8+ Kxf8 42. Kf2 Kf7 43. Ke3 Kf6 44. Kd4 b6 45. c3 h5 46. b4
Kf5 47. bxa5 bxa5 48. c4 Kf4 49. Kc5 Ke3 50. Kxc6 1-0

[Event "21st ch-EUR Indiv w 2021"]
[Site "Iasi ROU"]
[Date "2021.08.20"]
[Round "11.41"]
[White "Hapala, Elisabeth"]
[Black "Ghukasyan, Siranush"]
[Result "1/2-1/2"]
[WhiteTitle "WFM"]
[BlackTitle "WIM"]
[WhiteElo "2160"]
[BlackElo "2194"]
[WhiteFideId "1622080"]
[BlackFideId "13300946"]
[EventDate "2021.08.09"]

1. e4 e5 2. Nf3 Nc6 3. Bb5 a6 4. Ba4 Nf6 5. O-O Be7 6. Re1 b5 7. Bb3 d6 8. c3
O-O 9. h3 Nb8 10. d4 Nbd7 11. Nbd2 Bb7 12. Bc2 Re8 13. Nf1 Bf8 14. Ng3 g6 15. a4
c5 16. d5 c4 17. Bg5 h6 18. Be3 Qc7 19. Qd2 Kh7 20. Nh2 Bg7 21. Rf1 Ng8 22. f4
exf4 23. Rxf4 Ne5 24. Raf1 Rf8 25. Ng4 Rae8 26. Ne2 Bc8 27. Nd4 Nxg4 28. hxg4
Be5 29. axb5 axb5 30. Nxb5 Qe7 31. Qf2 Kg7 32. Bd4 f6 33. Ra1 Bd7 34. Ra7 Ra8
35. Bxe5 dxe5 36. Rf3 Rxa7 37. Nxa7 Qd6 38. Re3 Ne7 39. Rh3 Bxg4 40. Nb5 Qd7 41.
Rg3 Qxb5 42. Rxg4 Qxb2 43. d6 Nc6 44. Qf5 g5 45. Qd7+ Rf7 46. Qxc6 Qxc2 47. Rg3
Qd1+ 48. Kh2 h5 49. Rf3 g4 50. Rf5 h4 51. Qxc4 g3+ 52. Kh3 Qh1+ 53. Kg4 h3 54.
d7 Rxd7 55. Qe6 Rf7 56. Rxf6 Rxf6 57. Qe7+ Rf7 58. Qg5+ Kh7 59. Qh4+ Kg8 60.
Qd8+ Kg7 61. Qg5+ Kh8 62. Qd8+ 1/2-1/2

[Event "21st ch-EUR Indiv w 2021"]
[Site "Iasi ROU"]
[Date "2021.08.20"]
[Round "11.42"]
[White "Krasteva, Beloslava"]
[Black "Tsirulnik, Maritsa"]
[Result "1/2-1/2"]
[WhiteTitle "FM"]
[WhiteElo "2243"]
[BlackElo "2046"]
[WhiteFideId "2922029"]
[BlackFideId "14118688"]
[EventDate "2021.08.09"]

1. d4 Nf6 2. c4 e6 3. Nc3 Bb4 4. e3 O-O 5. Bd3 d5 6. a3 Bxc3+ 7. bxc3 dxc4 8.
Bxc4 c5 9. Nf3 Qc7 10. Be2 b6 11. Bb2 Bb7 12. O-O Nc6 13. Re1 Rad8 14. Bd3 e5
15. Bf1 e4 16. Nd2 Rfe8 17. f3 Na5 18. c4 cxd4 19. Bxd4 Re6 20. f4 Nc6 21. Bc3
Nd7 22. Nb3 Nc5 23. Nd4 Nxd4 24. Bxd4 f6 25. Ra2 Red6 26. Qb1 Ne6 27. Bc3 a5 28.
Rb2 Qc5 29. f5 Qxf5 30. Rxb6 Bc6 31. Ra6 Ng5 32. Be2 Qc5 33. Qb6 Qxa3 34. Bb2
Qb4 35. Qxb4 axb4 36. Bd4 Re6 37. Rb6 b3 38. h4 Nf7 39. Bg4 f5 40. Bxf5 Rh6 41.
c5 Bd5 42. Rxh6 Nxh6 43. Bh3 g6 44. Bf6 Rf8 45. Be5 Nf5 46. g3 Kf7 47. Kf2 Ke6
48. Bb2 Ra8 49. Ra1 Rxa1 50. Bxa1 Bc6 51. Ke2 Kd5 52. Bxf5 gxf5 53. Bd4 Kc4 54.
Kd2 Bd5 55. Ke2 Kb4 56. Kd2 Ka3 57. Kc1 Ka2 1/2-1/2

[Event "21st ch-EUR Indiv w 2021"]
[Site "Iasi ROU"]
[Date "2021.08.20"]
[Round "11.43"]
[White "Levitan, Ronit"]
[Black "Katkov, Michelle"]
[Result "1-0"]
[WhiteTitle "WCM"]
[BlackTitle "WFM"]
[WhiteElo "2012"]
[BlackElo "2173"]
[WhiteFideId "2815109"]
[BlackFideId "2816393"]
[EventDate "2021.08.09"]

1. e4 e5 2. Nf3 Nc6 3. Nc3 Nf6 4. Bb5 Bb4 5. O-O O-O 6. d3 d6 7. Ne2 Bg4 8. c3
Bxf3 9. gxf3 Ba5 10. Bxc6 bxc6 11. Ng3 Kh8 12. Kh1 Ng8 13. f4 exf4 14. Bxf4 Ne7
15. Qh5 Bb6 16. Be3 Bxe3 17. fxe3 g6 18. Qh4 Ng8 19. Qf4 Rb8 20. Rf2 Qe7 21.
Raf1 Rbe8 22. Rf3 Qe6 23. Qh4 Qe7 24. Qf4 Qe6 25. Qh4 Qe7 26. Qh3 f6 27. Ne2 Qe6
28. Qxe6 Rxe6 29. Nd4 Ree8 30. Nxc6 Kg7 31. b4 a6 32. a4 f5 33. exf5 Rxf5 34. c4
Ne7 35. Nd4 Rxf3 36. Rxf3 Nf5 37. Nxf5+ gxf5 38. Kg2 Rb8 39. b5 axb5 40. axb5
Kg6 41. Rf2 Ra8 42. Rb2 Ra3 43. d4 Rxe3 44. c5 dxc5 45. dxc5 Re7 46. b6 cxb6 47.
cxb6 Rb7 48. Kf3 Kf6 49. Kf4 Ke6 50. h4 Kd7 51. Kxf5 Kc8 52. Kf6 Kb8 53. h5 Ka8
54. h6 Kb8 55. Rg2 Rxb6+ 56. Kg7 Rb7+ 57. Kh8 Re7 58. Rg7 Re6 59. Kxh7 Kc8 60.
Rg6 Re7+ 61. Kg8 Kd8 62. h7 Re8+ 63. Kg7 Re7+ 64. Kh6 1-0

[Event "21st ch-EUR Indiv w 2021"]
[Site "Iasi ROU"]
[Date "2021.08.20"]
[Round "11.44"]
[White "Obada, Ema"]
[Black "Toncheva, Nadya"]
[Result "0-1"]
[WhiteTitle "WCM"]
[BlackTitle "FM"]
[WhiteElo "1981"]
[BlackElo "2156"]
[WhiteFideId "1234803"]
[BlackFideId "2924056"]
[EventDate "2021.08.09"]

1. e4 c5 2. Nf3 e6 3. d4 cxd4 4. Nxd4 Nf6 5. Bd3 d6 6. O-O a6 7. Kh1 Qc7 8. f4
Nbd7 9. a4 Be7 10. Nd2 Nc5 11. Qe1 O-O 12. N2f3 b6 13. b4 Nxd3 14. cxd3 Bb7 15.
Bd2 Qd7 16. Qg3 Rfc8 17. Qh3 Rc7 18. a5 b5 19. Rae1 Rac8 20. g4 Ne8 21. g5 Bf8
22. Rg1 g6 23. Rg4 e5 24. Ne2 Bg7 25. Qh4 d5 26. fxe5 dxe4 27. dxe4 Qd3 28. Neg1
Rc2 29. Re3 Qd7 30. Be1 Nc7 31. Ne2 Ne6 32. Nf4 Nxf4 33. Rxf4 R8c4 34. Rg4 Qd1
35. Qg3 Bc8 36. Rf4 Rxb4 37. Ng1 Rbb2 38. Rf2 Rxf2 39. Bxf2 Qg4 40. Qxg4 Bxg4
41. Bg3 b4 42. Rd3 h5 43. gxh6 Bxh6 44. Rd8+ Kh7 45. e6 Rb1 46. Kg2 Bxe6 47. Nf3
Rb2+ 48. Kf1 Bc4+ 49. Ke1 Re2+ 50. Kd1 Rxe4 51. Kc2 b3+ 52. Kb1 Re3 53. Nd4 Bg7
54. Bf2 Rd3 55. Kc1 Rc3+ 56. Kd2 b2 0-1

[Event "21st ch-EUR Indiv w 2021"]
[Site "Iasi ROU"]
[Date "2021.08.20"]
[Round "11.45"]
[White "Cosman, Andreea-Marioara"]
[Black "Tamrazyan, Gohar"]
[Result "1-0"]
[WhiteTitle "WFM"]
[WhiteElo "2143"]
[BlackElo "1973"]
[WhiteFideId "1217968"]
[BlackFideId "1330799"]
[EventDate "2021.08.09"]

1. d4 d5 2. c4 e6 3. Nc3 c5 4. cxd5 exd5 5. Nf3 Nc6 6. g3 Nf6 7. Bg2 Be7 8. O-O
O-O 9. Bf4 c4 10. Ne5 Be6 11. b3 Qa5 12. Na4 Rac8 13. bxc4 dxc4 14. Nxc6 bxc6
15. Bd2 Qh5 16. e4 Bg4 17. f3 Bh3 18. Qc2 c5 19. d5 Nd7 20. Bc3 Bd6 21. f4 f6
22. Nb2 Nb6 23. a4 Rce8 24. Bxh3 Qxh3 25. a5 Nc8 26. Nxc4 h5 27. e5 fxe5 28.
fxe5 Bxe5 29. Nxe5 Nd6 30. Qg2 Qxg2+ 31. Kxg2 Nf5 32. Rae1 Rd8 33. Ng6 Rf7 34.
Rxf5 1-0

[Event "21st ch-EUR Indiv w 2021"]
[Site "Iasi ROU"]
[Date "2021.08.20"]
[Round "11.46"]
[White "Novosadova, Kristyna"]
[Black "Donghvani, Nia"]
[Result "0-1"]
[WhiteTitle "WIM"]
[WhiteElo "2138"]
[BlackElo "1902"]
[WhiteFideId "328065"]
[BlackFideId "13614649"]
[EventDate "2021.08.09"]

1. e4 c5 2. Nf3 d6 3. d4 cxd4 4. Nxd4 Nf6 5. Nc3 a6 6. Bg5 Nbd7 7. f4 Qc7 8. Qf3
b5 9. O-O-O Bb7 10. Bd3 e6 11. Rhe1 b4 12. Nd5 exd5 13. exd5+ Kd8 14. Nc6+ Bxc6
15. dxc6 Nc5 16. Bc4 Rc8 17. Qe3 Qxc6 18. Bxf7 Kc7 19. Qd4 Qd7 20. Bc4 Be7 21.
f5 Rhe8 22. Be6 Nxe6 23. Rxe6 Qc6 24. Bf4 Kb7 25. Qxb4+ Ka8 26. Qb3 Bf8 27. Rd2
Rxe6 28. fxe6 Be7 29. Qd3 Ne4 30. Re2 d5 31. Be5 g6 32. Kb1 Qxe6 33. Bd4 Qc6 34.
Qh3 h5 35. g4 Bc5 36. Bxc5 Qxc5 37. a3 Qg1+ 38. Ka2 Qxg4 39. Qxg4 hxg4 40. Rg2
g5 41. Kb1 Rf8 42. Rxg4 Rf1+ 43. Ka2 Rf4 44. Rg1 Rf2 45. c4 dxc4 0-1

[Event "21st ch-EUR Indiv w 2021"]
[Site "Iasi ROU"]
[Date "2021.08.20"]
[Round "11.47"]
[White "Kazarian, Anna-Maja"]
[Black "Batagan, Ilinca-Petra"]
[Result "1/2-1/2"]
[WhiteTitle "FM"]
[WhiteElo "2096"]
[BlackElo "1846"]
[WhiteFideId "1033689"]
[BlackFideId "1261002"]
[EventDate "2021.08.09"]

1. e4 c5 2. Nf3 d6 3. d4 cxd4 4. Nxd4 Nf6 5. Nc3 a6 6. Qf3 e6 7. Be3 Be7 8. h3
Nc6 9. g4 Nxd4 10. Bxd4 e5 11. Be3 Be6 12. g5 Nd7 13. h4 b5 14. Bh3 Bc4 15. b3
b4 16. Bxd7+ Qxd7 17. Na4 Bd8 18. O-O-O Qc6 19. Qg2 Bb5 20. Nb2 a5 21. f4 a4 22.
bxa4 Bxa4 23. fxe5 b3 24. a3 dxe5 25. Rd5 O-O 26. Bc5 Re8 27. c4 Be7 28. Qf2
Rac8 29. Bxe7 Rxe7 30. Rhd1 Qa8 31. Qb6 Bc6 32. Ra5 Qb8 33. Qxb8 Rxb8 34. Rc5
Bxe4 35. Re1 Bc2 36. Rcxe5 Rxe5 37. Rxe5 f6 38. Rd5 fxg5 39. hxg5 Rf8 40. c5 Rf2
41. c6 Be4 42. Rc5 Rf1+ 43. Kd2 Rf2+ 44. Kc1 Rf1+ 45. Kd2 Rf2+ 1/2-1/2

[Event "21st ch-EUR Indiv w 2021"]
[Site "Iasi ROU"]
[Date "2021.08.20"]
[Round "11.48"]
[White "Allahverdiyeva, Ayan"]
[Black "Kostina, Veronika"]
[Result "1-0"]
[WhiteTitle "WFM"]
[WhiteElo "2095"]
[BlackElo "1801"]
[WhiteFideId "13412590"]
[BlackFideId "34166235"]
[EventDate "2021.08.09"]

1. e4 e6 2. d4 d5 3. Nd2 Nf6 4. e5 Nfd7 5. Bd3 c5 6. c3 Nc6 7. Ne2 cxd4 8. cxd4
f6 9. exf6 Nxf6 10. O-O Bd6 11. Nf3 Qc7 12. Bd2 O-O 13. Rc1 Bd7 14. Ng3 Rac8 15.
Bc3 Qb8 16. Re1 b5 17. Ne5 Bxe5 18. dxe5 Ne8 19. Qh5 g6 20. Bxg6 hxg6 21. Qxg6+
Kh8 22. Nh5 d4 23. Nf6 Rxf6 24. exf6 Qf4 25. Re3 e5 26. Qh5+ Kg8 27. Rg3+ Kf8
28. Qh8+ Kf7 29. Bd2 Qxd2 30. Qg8+ Kxf6 31. Qf8+ Ke6 32. Rg6+ Kd5 33. Qf3+ e4
34. Qf7+ Ke5 35. Rc5# 1-0